00757nam a2200193 a 4500008004100000020001500041050001400056100001900070245008400089260004700173300001300220350000900233650001700242650004200259700002100301995009400322999001700416952013000433120416s1970 ||||||||||||||||| || u a0133605868 aDT 31 Gov aDoro, Marion E10aGoverning in Black Africa: perspectives on new statescedited by Marion E. Doro aEnglewood Cliffs, NJ:bPrentice-Hallc1970 av, 362p. a0.00 7aAFRICA2fast 0aAFRICA--POLITICS AND GOVERNMENT--1960 aStultz, Newell M D0.00FCBU-MAIN LIBRARY (Kitwe)H1I12.00M1UDAMAGEDZMain Library Open Access Collection c44828d44828 00102lcc4070a001b001cMain Library Open Access Collectiond2022-11-30l0oDT 31 Govp000720r2022-11-30w2022-11-30y002